[Event "WchT 5th"]
[Site "Yerevan"]
[Date "2001.10.17"]
[Round "6.2"]
[White "Lutz, Christopher"]
[Black "Dreev, Alexey"]
[Result "1/2-1/2"]
[WhiteElo "2643"]
[BlackElo "2676"]
[Annotator "Lukacs,P"]
[PlyCount "117"]
[EventDate "2001.10.12"]
[EventType "team-tourn"]
[EventRounds "9"]
[EventCountry "ARM"]
[SourceTitle "CBM 086"]
[Source "ChessBase"]
[SourceDate "2002.02.05"]
[SourceVersion "1"]
[SourceVersionDate "2002.02.05"]
[SourceQuality "1"]
[WhiteTeam "Germany"]
[BlackTeam "Russia"]
[WhiteTeamCountry "GER"]
[BlackTeamCountry "RUS"]

1. e4 c6 2. d4 d5 3. Nd2 dxe4 4. Nxe4 Bf5 5. Ng3 Bg6 6. h4 h6 7. Nf3 Nd7 8. h5
Bh7 9. Bd3 Bxd3 10. Qxd3 e6 11. Bf4 Bb4+ 12. c3 Be7 13. O-O-O Ngf6 14. Kb1 O-O
15. Ne5 a5 $5 {Since the kings have castled on opposite sides, it is
understandable that Black wants to grab the |^ on the <<. The plan is a5-a4
and Qa5.} (15... Qa5 {is the other idea bringing the Q into action immediately.
} 16. Nxd7 (16. Ne4 Rad8 17. Nxf6+ Bxf6 18. Nc4 Qb5 19. Bd6 Rfe8 20. Bc7 Ra8
21. g4 Be7 22. Rhe1 Rac8 23. Bd6 Nb6 24. Nxb6 Qxd3+ 25. Rxd3 axb6 26. Bxe7 Rxe7
27. Kc2 b5 $11 {and the R _|_ cannot be worse for Black, Anand-Anastasian,
FIDE Wch k.o. Moscow 2001.}) 16... Nxd7 17. Ne4 Qf5 18. Be3 Rad8 19. g4 Qh7 20.
g5 $1 $14 (20. Rhg1 $4 {was a terrible mistake because of} f5 $1 $19 {
Kharlov-Danielsen, Copenhagen op15 1993})) (15... c5 {opens up the d <-> for
White.} 16. Qf3 (16. Ne4 cxd4 17. Qxd4 Nb6 18. Nxf6+ Bxf6 19. Qe4 Qe7 20. Ng4
Rfd8 21. Nxf6+ Qxf6 22. Be3 Rxd1+ 23. Rxd1 Nd5 24. Bd4 Qf4 $11 {equalizes
completely, Leko-Anand, Corsica Masters Rapid 2001.}) 16... cxd4 17. Rxd4 Nxe5
18. Bxe5 Qc8 19. Rhd1 Rd8 20. Ne4 Rxd4 21. Rxd4 Nxe4 22. Qxe4 {White's pieces
dominate the board.} b5 23. Rd3 Bf8 24. g4 $1 $16 {Chandler-K.Berg, BL Ger chT
Germany 1987}) 16. c4 (16. Ne4 {leads to unnecessary exchanges.} Nxe4 17. Qxe4
Nf6 18. Qe2 Qd5 19. f3 b5 {securing the vital d5 square for Black.} 20. g4 Nd7
21. Rhg1 Rad8 22. Bc1 Nxe5 23. dxe5 Qc5 $11 {Emms-Summerscale, BCF-ch 86th
Scarborough 1999}) 16... a4 {/\ Qa5} 17. Qf3 Qa5 18. Rd3 {/\ Rhd1 preventing
Black from opening the d <->.} Rad8 19. Rhd1 Qa6 20. Ne2 {The N is usually
badly placed on g3, now g2-g4 is threatening.} Nb6 21. Rc1 Nfd7 22. Qg4 (22.
Qg3 {is similar to game continuation.} {The cold-blooded defensive move} Kh8 $1
$13 {was required.} (22... Nxe5 $2 {is as bad, as in the game.} 23. Bxe5 (23.
Bxh6 {is parried by the risky-looking} Ng6 $1 24. hxg6 gxh6 25. gxf7+ Kxf7 26.
Rf3+ Bf6) 23... Bg5 24. f4 Nxc4 25. fxg5 Nxe5 26. Re3 $1 $18 {and White's ->
crashes through.})) 22... Nxe5 $2 ({Again} 22... Kh8 $1 {was the successful
defence, for example:} 23. Rg3 Bf6 24. Nxd7 Rxd7 25. Be5 Bxe5 26. dxe5 Rg8 $11)
23. Bxe5 Bg5 24. Rdc3 ({missing the consistant} 24. f4 $1 f5 (24... Nxc4 $5 {
allows White to continue the direct assault by} 25. Rxc4 (25. fxg5 $2 Nxe5 $19)
25... Qxc4 26. Rc3 Qd5 (26... Qb4 27. fxg5 hxg5 28. h6 $1 $16) 27. fxg5 hxg5
28. h6 $1 f6 (28... gxh6 29. Rh3 $18) 29. hxg7 Rf7 30. Rc5 Qd7 31. Qh5 Rxg7 32.
Bxf6 $18) 25. Qg3 Bf6 26. Rdc3 $16) 24... Nd7 25. f4 $2 {Now this is already
late.} (25. Bxg7 Kxg7 26. f4 Nf6 27. Qf3 Nh7 28. fxg5 Nxg5 29. Qe3 $14 {
was still a bit better for White because of the better centralized pieces.})
25... Nxe5 $1 26. dxe5 f5 $1 {This is the strong defensive move.} (26... Be7 $2
27. Rg3 $18) 27. Qg3 (27. exf6 Bxf6 28. Qxe6+ Kh8 $44 {and suddenly Black
grabs the |^ for the P.}) 27... Be7 28. Qg6 c5 29. Rg3 Rf7 30. Qxh6 Bh4 $1 $44
{Black wants more than simple equality!} (30... Rd2 31. Qg6 Rxe2 32. h6 Qb6 33.
Rc2 (33. h7+ Kh8) 33... Re1+ 34. Rc1 Re2 $11 {is draw by perpetual ->.}) 31.
Qg6 $6 {White clearly overestimates his chances.} (31. Rg6 Rd2 $1 $132) 31...
Bxg3 32. h6 {[#]} (32. Nxg3 {is also met by the witty intermediate move} a3 $1
33. b3 (33. h6 axb2 $19) 33... Qc6 $19) 32... Qc6 ({missing the brilliant
intermediate move} 32... a3 $3 33. h7+ (33. Nxg3 axb2 $19) (33. b3 Qc6 34. Nxg3
Qxg2 $19 {is the big difference threatening Qb2#.}) 33... Kh8 $1 34. Qxf7 axb2
$19 {and Black's counterattack cannot be stopped.}) (32... Re7 $2 33. Nxg3 a3
34. Nh5 $1 $18) 33. Nxg3 Qxg2 34. h7+ Kh8 35. Qxf7 Qxg3 (35... a3 {is already
late because of} 36. bxa3 Qxg3 37. Qxe6 Qxf4 $11) 36. a3 (36. Qxe6 Qd3+ 37. Ka1
a3 38. Qb6 Qd2 $11 {is also equal.}) 36... Qd3+ ({or} 36... Qxf4 37. Qxe6 Qf3
$11) 37. Ka1 Qd7 38. Qg6 Qe8 (38... Qe7 $11) 39. Qg5 {It is better to keep the
queens in this _|_.} (39. Qxe8+ Rxe8 40. Rd1 Kxh7 $15) 39... Rd4 40. Rg1 $2 (
40. Qg2 {was the simple solution.} Qd7 (40... Rxf4 41. Qxb7) 41. Qf3 Rd3 $11)
40... Qd7 41. Rc1 Rd1 42. Rxd1 Qxd1+ 43. Ka2 Qb3+ 44. Ka1 Qxc4 {Now Black can
win some pawns, but White has enough counterplay if he gets the e6 P.} 45. Qg6
(45. Qd8+ $2 Kxh7 46. Qh4+ Kg6 $19) 45... Qf1+ 46. Ka2 Qc4+ (46... Qxf4 47.
Qxe6 Kxh7 48. Qe8 {and White's o^ is rather dangerous.} Qc4+ $11) 47. Ka1 Qc1+
48. Ka2 Qxf4 49. Qxe6 Kxh7 50. Qe8 Qc4+ 51. Ka1 Qc1+ 52. Ka2 Qc4+ (52... Qd1
53. e6 {In the Q _|_ one remote o^ can compensate a big material disadvantage.}
c4 54. e7 Qe2 55. Qf7 $11) 53. Ka1 Qe2 54. e6 Qd1+ {and Black has no winning
chances even with 2 extra pawns.} 55. Ka2 Qd5+ 56. Ka1 Qh1+ 57. Ka2 Qd5+ 58.
Ka1 Qd1+ 59. Ka2 1/2-1/2

[Event "Lippstadt 10th"]
[Site "Lippstadt"]
[Date "2000.07.09"]
[Round "4"]
[White "Hracek, Zbynek"]
[Black "Dautov, Rustem"]
[Result "1-0"]
[WhiteElo "2612"]
[BlackElo "2606"]
[Annotator "Lukacs,P"]
[PlyCount "83"]
[EventDate "2000.07.06"]
[EventType "tourn"]
[EventRounds "11"]
[EventCountry "GER"]
[EventCategory "10"]
[SourceTitle "CBM 078"]
[Source "ChessBase"]
[SourceDate "2000.10.18"]
[SourceVersion "1"]
[SourceVersionDate "2000.10.18"]
[SourceQuality "1"]

1. e4 {Dautov} c6 2. d4 d5 3. Nd2 dxe4 4. Nxe4 Bf5 5. Ng3 Bg6 6. h4 h6 7. Nf3
Nf6 8. Ne5 Bh7 9. Bd3 Bxd3 10. Qxd3 e6 11. Bd2 Nbd7 12. f4 Be7 (12... Bd6 {
Dautov} 13. O-O-O O-O) 13. O-O-O O-O 14. Qf3 $1 $146 {The Qis usually very
strong on f3 leaving the d <-> and promoting f5 or g4.  Dautov: 'Eine wichtige
Neuerung, Weiß verhindert das sofortige 14...c5. In der Hauptvariante 14.Qe2
fand Schwarz nach mehreren mißglückten Versuchen eine brauchbare Verteidigung.'
} (14. Qe2 {Dautov} c5 15. f5 (15. dxc5 Nxc5 16. Bc3 Qc7 (16... Qb6 17. Ng4 Qa6
18. Nxf6+ Bxf6 19. Qxa6 Nxa6 20. Bxf6 gxf6 21. f5 Nb4 22. Nh5 $16 {Adams,
M-Magem Badals,J/France 1999}) 17. f5 Nd5 (17... exf5 $2 18. Nxf5 Rfe8 19. Qf3
Bf8 20. Nxh6+ gxh6 21. Ng4 $18 {Adams,M-Leko,P/Linares 1999}) 18. Bd4 Rad8 $1
19. Kb1 Bf6 20. Nh5 exf5 21. Nxf6+ Nxf6 22. Qc4 Rd5 $17 {Vuckovic-Prelevic/
Jugoslavia 2000}) 15... cxd4 16. Nxf7 Qc7 17. fxe6 Qxg3 18. Nxh6+ gxh6 19. exd7
Rf7 20. Bxh6 Rd8 21. Rxd4 Rxd7 22. Rxd7 Nxd7 23. Kb1 Bf8 24. Bc1 Qf2 $11 {
Glek,I-Dautov,R/Essen 2000}) 14... Qc7 (14... c5 $5 15. f5 $1 {White doesn't
want to give up his >> plan.} ({On the other hand the greedy} 15. Qxb7 {
is also playable.} Qb6 $1 {Surprisingly enough the _|_ gives Black the best
chances for survival.} (15... Rb8 $5 16. Qf3 Qb6 (16... cxd4 $2 17. Nc6) 17.
Bc3 {The B is a good defender here.} cxd4 18. Nxd7 Nxd7 19. Rxd4 Nf6 20. Re1
Bc5 21. Rd3 {and Black has to show something for the sacrificed P.}) 16. Qxb6 (
16. Qf3 $143 cxd4) 16... axb6 17. Nxd7 (17. Kb1 {Dautov} cxd4 18. Nxd7 Nxd7 19.
Be1 Bf6 20. Bf2 $16) (17. Nc6 $2 Bd6 18. dxc5 bxc5 $132 {/\Ra2,/\Rfc8}) 17...
Nxd7 18. a3 (18. dxc5 Rxa2 $1) 18... cxd4 19. Be1 $1 (19. Be3 dxe3 20. Rxd7
Rfe8 $44 {and the o^ on e3 may cause some problems.}) (19. Ne2 Bc5 20. Be3 dxe3
21. Rxd7 Rfd8 22. Rhd1 Rxd7 23. Rxd7 Kf8 24. b4 Be7 25. Rd3 Bxh4 26. Rxe3 Bf6
$13) 19... Rfd8 (19... Nf6 20. Bf2 Bd6 21. Ne2 Nd5 22. g3 $16 {and >< d4 will
fall.}) (19... Nc5 20. Rxd4 Rfc8 21. Kb1 {with a healthy P up.}) 20. Rxd4 Bc5
21. Rd3 Nf6 22. Kd2 $14 {holding on the P, although Black's pieces are rather
active.}) 15... cxd4 (15... Qb6 16. Nxd7 ({There is no need to hurry with} 16.
fxe6 fxe6 (16... Qxe6 $6 17. Nxd7 Qxd7 18. Nf5 $16 {>< g7,h6}) 17. Ng6 Rf7 18.
Nxe7+ Rxe7 19. dxc5 $14) 16... Nxd7 17. dxc5 Nxc5 18. Bc3 Na4 19. Nh5 $16 {
with good attacking possibilities on the >>.}) 16. Nxf7 $1 {This is the
typical blow in this situation.} Rxf7 (16... Kxf7 17. fxe6+ Kg8 {- 16...Rxf7} (
17... Kxe6 $2 {The K cannot escape already!} 18. Rhe1+ Kf7 19. Nf5 Re8 20. Qb3+
Kf8 21. Nxh6 $18)) (16... Qb6 $6 17. Rhe1 Nc5 18. fxe6 Nxe6 19. Nxh6+ $1 gxh6
20. Nf5 $16 {is crushing completely.}) 17. fxe6 Rf8 18. exd7 Qxd7 19. Nf5 Kh8
20. Rhf1 $14) (14... Rc8 $6 {is again met by the main threat} 15. f5 $1 ({
There is no time for slow preparatory moves.} 15. Rhe1 c5 16. Nxd7 Qxd7 17.
dxc5 Qd5 $1 18. Qxd5 Nxd5 19. Ne4 Bxc5 $11) 15... Bd6 16. Nxf7 $1 Kxf7 (16...
Rxf7 17. fxe6 Rf8 18. exd7 Qxd7 19. Nf5 $18) 17. fxe6+ Kxe6 18. Nf5 Nb6 (18...
Bb8 19. Nxg7+ Kf7 20. Bxh6 {with an irresistable ->.}) 19. Nxg7+ Kf7 20. Bxh6
$16 {and White has three pawns and a ferocious -> for the sacrificed piece.})
15. Rhe1 {Dautov: '/\f5'} c5 $6 {Now Black will suffer on the << instead of
the >>. Dautov: 'Dies führt fast forciert zu einem unangenehmen Endspiel für
Schwarz. Eine gute Alternative bestand in 15...Bd6, Schwarz wehrt damit die
Drohung 16.f4-f5 ab. '} (15... Rad8 {is met by the usual} 16. c4 $1 (16. Kb1 {
slows down the pace of ->.} c5 (16... Bd6 $5 17. Nc4 (17. c4 c5) (17. Ne2 {
Dautov} h5 18. g4 $13 {hätte Weiß ein Tempo mehr im Vergleich zu der bekannten
Variante 12...Bd6 13.0-0-0 0-0 14.Kb1 Qc7 15.Ne2 Rad8 16.Qf3 h5 17.g4, sein
Turm steht aber nicht unbedingt besser auf e1.}) 17... Rfe8 18. Nxd6 (18. Ne4
Nxe4 19. Qxe4 f5 20. Qf3 Nf6 $11 {creating a stronghold on e4.}) 18... Qxd6 19.
f5 e5 20. Ba5 b6 21. dxe5 Nxe5 22. Rxd6 Nxf3 23. Rxd8 (23. Rxe8+ Rxe8 24. gxf3
bxa5) 23... Rxd8 24. gxf3 bxa5 $11 {with a more or less equal _|_.}) 17. Nxd7
Rxd7 $11) (16. f5 {is less crisper than at the previous note.} Bd6 $1 17. Nxd7
Qxd7 (17... Nxd7 $6 18. Ne4) (17... Rxd7 18. fxe6 fxe6 19. Ne4 $14) 18. fxe6 (
18. Bf4 Bxf4+ 19. Qxf4 Qd5 $11) 18... fxe6 19. Ne4 {'+/=' Dautov.} (19. Qb3 $14
{Dautov}) 19... Nxe4 20. Qxe4 $14 {and White has a small edge because of the
weak backward P on e6.}) 16... c5 (16... Bd6 17. Kb1 c5 18. Nxd7 Rxd7 19. d5
exd5 20. cxd5 $16) 17. d5 $1 {White creates an additional threat for Black,
the strong o^ on d5.} exd5 (17... Nb6 18. dxe6 fxe6 19. Kb1 $14) 18. Nf5 Rfe8
19. cxd5 $14) 16. Nxd7 Qxd7 (16... Nxd7 17. d5 $1 {using the pin on the e <->.}
(17. Nf5 $2 Bf6 $1) 17... Bxh4 18. dxe6 fxe6 (18... Nf6 19. e7 $5 Rfe8 20. Nf5
Bxe1 21. Rxe1 $44) 19. Rxe6 Bf6 (19... Bxg3 {Dautov} 20. Qxg3 Nf6 21. Rde1 $14)
20. Qg4 $16) 17. dxc5 (17. f5 $6 {now is worse due to} cxd4 $1 (17... Qxd4 18.
fxe6 fxe6 19. Rxe6) 18. Bc3 Qa4 $1) 17... Qd5 {'!' Dautov. Dautov: 'Die
anderen Fortsetzungen sind schwächer:'} (17... Bxc5 $2 18. Bc3 Nd5 $1 (18...
Qe7 $2 19. Nf5 $18) 19. Nh5 $1 {'+/-' Dautov.} (19. Nf5 f6) 19... f6 20. f5 $18
) (17... Qa4 {Dautov} 18. Kb1 Bxc5 19. Bc3 Nd5 20. Nh5 $16) 18. Qxd5 Nxd5 19.
Ne4 {[#]} Rfc8 $2 {Now White gets a clearly better _|_. Dautov: 'Nach diesem
Zug behauptet Weiß einen klaren Vorteil. Wesentlich besser war 19...Bxh4.'} (
19... Bxh4 $1 {was the best chance, although White's chances on the << has to
be evaluate much higher than Black's on the >> if a race of pawns will begin.}
20. g3 Be7 21. c4 Nf6 22. Nd6 $1 (22. Nxf6+ {exchanges the strong N.} Bxf6 (
22... gxf6 $2 23. f5 $16) 23. Kc2 (23. Be3 {Dautov} Rfd8 24. Kc2 {Die weiße
Bauernmasse auf dem Damenflügel ist sehr mobil während Schwarz seine
Bauernmajorität nur mühsam umsetzen kann.} (24. b4 $2 Bc3 $17) (24. g4 g5 $132)
24... Kf8 (24... h5 $5) 25. Rxd8+ $1 (25. b4 Ke8 26. b5 a6 $132) (25. g4 $5)
25... Rxd8 26. b4 a6 27. a4 Ke8 28. b5 $14 Ra8 29. c6 $1 bxc6 30. b6 {mit mehr
als ausreichender Kompensation für den geopferten Bauern.}) 23... Rfc8 $11)
22... b6 $1 {Black has to undermine the stronghold on d6 immediately.} (22...
Rfd8 23. Nxb7 Rd4 24. b3 Ne4 25. Bb4 Rxd1+ 26. Rxd1 $16) 23. Bb4 a5 {'<=>'
Dautov.} (23... Rfd8 24. b3) (23... Rfd8 $132) 24. Ba3 bxc5 25. Bxc5 Rfd8 26.
b3 ({but not} 26. Rd3 $2 Ra6 $1 27. Red1 Rc6) 26... Rd7 (26... Ra6 27. Nb7
Rxd1+ 28. Rxd1 Bxc5 29. Nxc5 Ra8 30. a3 {/\ b4 and the connected passed pawns
are very dangerous.}) 27. Rd4 Ra6 $1 (27... Rc7 28. Ba3 Rd8 29. Red1 $14) 28.
Red1 Rc6 29. Nb5 Bxc5 30. Rxd7 Nxd7 31. Rxd7 Kf8 {and Black has a strong B
with play on both flanks.}) 20. c4 Nf6 (20... Nc7 21. g3 $16) 21. Bc3 $1 {
'+/-!' Dautov. Dautov: 'Diesen starken Zug habe ich bei den Berechnungen
übersehen.'} ({To insist on material gains by} 21. b4 $6 {is met by} a5 $1 (
21... Rd8 22. Nxf6+ $1 (22. Kc2 {runs into} Rd4 23. Nd6 Bxd6 24. cxd6 Rxc4+ (
24... Rxd6 25. Bc3 $14) 25. Kb3 Rc6 $11 {successfully blockading o^ on d6.}) (
22. f5 {is fighting on the enemy's territory.} Rd4 23. Nxf6+ (23. Nd6 $6 Bxd6
24. cxd6 Rxc4+ 25. Kb2 exf5 $15) 23... Bxf6 24. fxe6 fxe6 25. Rxe6 Rxc4+ 26.
Kb1 Rd8 $1 $11) 22... Bxf6 23. Re4 (23. Kc2 $6 Rd4 $1 $15) (23. Be3 Bc3 24.
Rxd8+ Rxd8 25. Rd1 Rxd1+ 26. Kxd1 Bxb4 27. c6 bxc6 28. Bxa7 Kf8 $14 {and
although White has a remote o^, his >> pawns are rather vulnerable.}) 23... h5
(23... Rd3 24. Be3 $16) 24. Be1 Kh7 25. Rd6 Kg6 $14) 22. a3 $1 (22. bxa5 {
corrupts the P structure completely.} Nxe4 (22... Bxc5 $2 23. Nxf6+ gxf6 24.
Kc2 $16) 23. Rxe4 Bxh4 24. f5 Bg5 $1 25. fxe6 (25. Bxg5 exf5 $1 $11) 25...
Bxd2+ 26. Rxd2 fxe6 27. Rxe6 Rxc5 28. Re7 Raxa5 29. Rxb7 Rxc4+ $11) (22. Nxf6+
$6 Bxf6 23. a3 axb4 $11) 22... Nxe4 23. Rxe4 axb4 24. axb4 Bf6 $1 25. Re3 Ra1+
26. Kc2 Ra2+ 27. Kd3 Rd8+ 28. Ke2 Rd4 29. Rd3 Rxf4 $5 (29... Rxc4 30. Ke3 (30.
Kf3 Bxh4 31. Rd7 Ra3+ 32. Ke2 {- 30.Ke3} (32. Kg4 $2 Bf2)) 30... Bxh4 31. Rd7
Ra3+ 32. Ke2 Re4+ 33. Kf1 Ra2 34. b5 (34. Rxb7 $4 Rxd2 $1 $19) (34. g4 $2 Bg3
$15) 34... Rc2) 30. Rd7 Rxh4 31. Rxb7 Rxc4 32. Rb8+ Kh7 $13) 21... Nxe4 22.
Rxe4 Bxc5 (22... Bxh4 $5 {allows the penetration on the seventh rank.} 23. Rd7
b6 (23... Rxc5 24. b4 Rc6 25. b5 $1) 24. cxb6 axb6 25. a3 {Dautov: '/\f5'} (25.
Kc2 {(Dautov) /\f5} Rd8 26. Rxd8+ Bxd8 27. f5 $1 $16) 25... Rd8 26. Rxd8+ Rxd8
27. Kc2 $16 {and White will come first on the <<.}) 23. h5 $1 {[%mdl 4096]
blockading Black's >> P majority on the dark squares. Dautov: 'Die schwarzen
Königsflügelbauern werden auf den schwarzen Feldern fixiert.'} (23. Rd7 {
is not so terrible for Black:} b6 24. Kc2 {'+/-' Dautov.} (24. h5 $16 {Dautov})
24... a5) 23... b6 (23... Rd8 24. b4 (24. g4 Rxd1+ 25. Kxd1 Rd8+ 26. Kc2 Kf8
27. f5 exf5 28. gxf5 $14) (24. Rxd8+ {Dautov} Rxd8 25. b4 Be7 26. Kc2 $16)
24... Rxd1+ 25. Kxd1 Rd8+ 26. Kc2 Be7 (26... Bd6 27. g4 $14) (26... Bf8 27. g4
$14) 27. f5 $14) 24. Kc2 a5 $6 {This loses a tempo, and creates weaknesses on
the light squares.} (24... Rd8 25. b4 Rxd1 26. Kxd1 Rd8+ 27. Kc2 $14) 25. Rd7
a4 (25... Rd8 26. Rb7 Rab8 27. Rxb8 Rxb8 28. Kb3 Rd8 29. Ka4 $1 {Here we see
the dark side of 24...a5?!.} Rd3 30. Kb5 $16) 26. g4 {'!' Dautov. Dautov: '/
\f5 ' White inserts pressure on both flanks. Dautov: 'Sehr stark gespielt.
Kaum hat sich Schwarz auf die weiße Bauernexpansion auf dem Damenflügel
vorbereitet, schon droht die Gefahr von der anderen Seite. Das drohende f4-f5
mit dem weiteren Angriff gegen g7 zwingt Schwarz zum Tausch eines Turmpaares,
was wiederum Weiß die Durchsetzung von b2-b4 erleichtert.'} (26. Re1 Rd8 27.
Red1 $16 {doubling on the d <-> was also worthy of consideration.}) 26... Rd8 (
26... Rc6 {Dautov} 27. f5 exf5 28. gxf5 $16) 27. Rb7 Kf8 (27... Rab8 28. Rxb8
Rxb8 29. b4 $1 $16) 28. f5 $1 exf5 29. gxf5 $16 {Dautov: '/\ Rg7,><g7'} Rab8
30. Rxb8 Rxb8 31. b4 $1 axb3+ 32. axb3 Rb7 {'(+)' Dautov. Dautov: 'Die
schwarze Stellung ist verloren, es gibt so gut wie gar kein Gegenspiel.'} (
32... Ra8 {Dautov} 33. b4 Bd6 34. Kb3 $16) 33. b4 {'+-' Dautov.} Bf2 (33... Be7
34. Rg4 f6 35. Re4 $18) 34. Rf4 Be3 35. Rg4 $18 Bg5 (35... f6 36. Re4 (36. Kd3
{Dautov} Bf2 $2 (36... Re7 37. Re4 $18) 37. Ke2 $18) 36... Re7 37. Rxe7 Kxe7 {
The B _|_ is lost because all of the black pawns are on the colour of the B.}
38. Kd3 Bf4 (38... Bc1 39. Bd4 $18) 39. Ke4 Bd6 40. Kd5 $18) 36. b5 {fixing
the weakness on b6.} Ke7 37. Re4+ Kd7 38. Bxg7 Ra7 39. Bd4 Kc7 40. f6 Ra2+ 41.
Kb3 Rd2 42. Kc3 1-0